ARRUPE JESUIT UNIVERSITY

CORONAVIRUS -STOP THE SPREAD - CLEAN,DISINFECT,COVER

Thinking like a mountain : (Record no. 128721)

MARC details
000 -LEADER
fixed length control field 01013cam a2200277 a 4500
001 - CONTROL NUMBER
control field 4337731
003 - CONTROL NUMBER IDENTIFIER
control field ARRUPE
005 - DATE AND TIME OF LATEST TRANSACTION
control field 20181205102943.0
008 - FIXED-LENGTH DATA ELEMENTS--GENERAL INFORMATION
fixed length control field 881018s1988 paua b 000 0 eng
010 ## - LIBRARY OF CONGRESS CONTROL NUMBER
LC control number 88194443
020 ## - INTERNATIONAL STANDARD BOOK NUMBER
International Standard Book Number 0865711321
020 ## - INTERNATIONAL STANDARD BOOK NUMBER
International Standard Book Number 086571133X (pbk.)
040 ## - CATALOGING SOURCE
Original cataloging agency DLC
Transcribing agency DLC
Modifying agency DLC
050 00 - LIBRARY OF CONGRESS CALL NUMBER
Classification number BL435
Item number .T45 1988
082 00 - DEWEY DECIMAL CLASSIFICATION NUMBER
Classification number 179/.1
Edition number 20
300 ## - PHYSICAL DESCRIPTION
Other physical details ill. ;
Dimensions 22 cm.
100 ## - MAIN ENTRY--PERSONAL NAME
Personal name Seed, john
9 (RLIN) 43805
245 00 - TITLE STATEMENT
Title Thinking like a mountain :
Remainder of title towards a council of all beings /
Statement of responsibility, etc John Seed ... [et al.] ; illustrations by Dailan Pugh.
260 ## - PUBLICATION, DISTRIBUTION, ETC. (IMPRINT)
Place of publication, distribution, etc Philadelphia, PA :
Name of publisher, distributor, etc New Society Publishers,
Date of publication, distribution, etc c1988.
300 ## - PHYSICAL DESCRIPTION
Extent 122 p. :
504 ## - BIBLIOGRAPHY, ETC. NOTE
Bibliography, etc Bibliography: p. [117].
650 #0 - SUBJECT ADDED ENTRY--TOPICAL TERM
Topical term or geographic name as entry element Nature
General subdivision Religious aspects.
9 (RLIN) 1002
650 #0 - SUBJECT ADDED ENTRY--TOPICAL TERM
Topical term or geographic name as entry element Human ecology
General subdivision Religious aspects.
9 (RLIN) 18757
700 1# - ADDED ENTRY--PERSONAL NAME
Personal name Seed, John.
9 (RLIN) 43806
906 ## - LOCAL DATA ELEMENT F, LDF (RLIN)
a 7
b cbc
c orignew
d 3
e ncip
f 19
g y-gencatlg
942 ## - ADDED ENTRY ELEMENTS (KOHA)
Source of classification or shelving scheme Library of Congress Classification
Koha item type Monograph ( Printed materials)
Holdings
Withdrawn status Lost status Source of classification or shelving scheme Damaged status Not for loan Collection code Home library Current library Shelving location Date acquired Total Checkouts Full call number Barcode Date last seen Price effective from Koha item type
    Library of Congress Classification     Main Collection ARRUPE LIBRARY ARRUPE LIBRARY Main Collection 05/12/2018   BL435 .T45 1988 46600002743 05/12/2018 05/12/2018 Monograph ( Printed materials)

 

Arrupe Library. PO Box MP320 Mt Pleasant, Harare, Zimbabwe
263 242 745411|librarian@aju.ac.zw